2nd tier Nordic cities Quiz Stats

 Plays Quiz not verified by Sporcle

Score 0/35 Timer 07:00
0 Plays Today
Country City % Correct
IcelandGarðabær
100%
IcelandMosfellsbær
100%
IcelandKeflavík
100%
IcelandAkranes
100%
IcelandSelfoss
100%
IcelandSeltjarnarnes
100%
DenmarkAalborg
65.1%
FinlandOulu
65.1%
NorwayTrondheim
57.1%
SwedenUppsala
57.1%
SwedenLinköping
50.8%
SwedenNorrköping
50.8%
SwedenJönköping
49.2%
FinlandLahti
47.6%
DenmarkEsbjerg
44.4%
FinlandJyväskylä
42.9%
FinlandVaasa
41.3%
NorwayKristiansand
41.3%
Country City % Correct
SwedenVästerås
39.7%
DenmarkRoskilde
38.1%
NorwayDrammen
38.1%
SwedenHelsingborg
38.1%
DenmarkRanders
36.5%
SwedenÖrebro
36.5%
IcelandAkureyri
31.7%
FinlandPori
30.2%
FinlandKuopio
30.2%
NorwayFredrikstad/Sarpsborg
30.2%
NorwayÅlesund
28.6%
DenmarkHorsens
23.8%
FinlandJoensuu
23.8%
NorwayPorsgrunn/Skien
23.8%
DenmarkKolding
22.2%
DenmarkVejle
22.2%
NorwayTønsberg
19%

You're not logged in!

Compare scores with friends on all Sporcle quizzes.
OR
Log In

Show Comments

Extras

Top Quizzes Today


Score Distribution

Your Account Isn't Verified!

In order to create a playlist on Sporcle, you need to verify the email address you used during registration. Go to your Sporcle Settings to finish the process.

Report this User

Report this user for behavior that violates our Community Guidelines.

Details: